| 000 | 00336nam a22001217a 4500 | ||
|---|---|---|---|
| 999 |
_c15319 _d15319 |
||
| 082 |
_a631.7 _bRAJ/HY |
||
| 100 |
_aRAJU, T. D _92969 |
||
| 245 | _aHydraulics of tile drains in peat and muck soils | ||
| 260 |
_aTavanur _bKelappaji College of Agricultural Engineering and Technology _c1989 |
||
| 300 | _a75 | ||
| 500 | _aThesis | ||
| 942 | _cTH | ||